000 00953nam a2200253Ia 4500
003 OSt
005 20220923221709.0
006 a|||||r|||| 00| 0
007 ta
008 220922b |||||||| |||| 00| 0 hin d
024 _a199,407
037 _cTextual
040 _aARTS
_cARTS
_bhin
041 _2hin
_ahin
082 _aQ1, 152L5
100 _aपरिहार, पन्नालाल
_9156292
245 0 _aवेदों में अध्ययन विद्या
_b अध्यात्म विद्या के वैदिक रुप का निरुपण
246 _aVedoan mean adhyayan vidyā: adhyātma vidyā ke vaidik rup kā nirupaṇa
260 _aबरेली
_b संस्कृति संस्थान
_c1975
300 _a238पृ.
_ccm.
650 _aधर्म
942 _hQ1, 152L5
_cTEXL
_2CC
999 _c351147
_d351147